000
00328nam a22001457a 4500
008
210311b ||||| |||| 00| 0 eng d
020
_a
9780471504870
041
_a
eng
080
_2
8th
_a
616.073
082
_a
616.073
100
_a
6
101
_a
GJEN
245
_a
Principles of Genetics
_c
Gardner, E. J
942
_2
udc
_c
BK
999
_c
56436
_d
56436